000 01047aam a2200301 4500
001 18509
003 CO-MdFUSB
005 20170505103338.0
008 170505t1994 sp ||||f |||| 00| 0 spa d
020 _a84-487-0156-9
040 _aCO-MdFUSB
_bspa
_cCO-MdFUSB
_dCO-MdFUSBC
_erda
041 _aspa
082 0 4 _a24
_2R 109
_bG752g Vol. 37
100 1 _aWittgenstein, Ludwig
_eautor
245 1 0 _aGrandes obras del pensamiento
_b: Tractatus logico-philosophicus
_c/ Ludwig Wittgenstein ; Traducido por Jacobo Muñoz, Isidoro Reguera
264 1 _aBarcelona, España :
_bAltaya,
_c℗1994
264 4 _c©1994
300 _a215 p.
_b:
_c;
336 _2rdacontent
_a1
_ba1
337 _2rdamedia
_a2
_b5
338 _2rdacarrier
_a2
_b5
490 _aGrandes Obras del Pensamiento
500 _aTítulo original: Tractatus logico-philosophicus
563 _aPasta dura
650 1 4 _aLógica, simbólica y matemática \ Lenguaje y lenguas - Filosofía \ Filosofía \ Lenguaje y lenguas
650 7 _aFilosofía antigua
_9168
942 _cREF
999 _c44934
_d44934